Writing the city /
Writing the city is a three year public art project by Lisa Anderson based on writers' stories about Sydney. These artworks invite you to experience and imagine stories of the city through playful encounters with words on billboards, cranes, the internet and even written in the sky.
Saved in:
| Corporate Author: | |
|---|---|
| Other Authors: | , , , , , |
| Format: | Book |
| Language: | English |
| Published: |
Woolloomoolloo, N.S.W. :
Artspace Visual Arts Centre,
1998.
|
| Subjects: |
| LEADER | 01612nam a2200373 a 4500 | ||
|---|---|---|---|
| 001 | c000416419 | ||
| 003 | CARM | ||
| 005 | 00000000000000.0 | ||
| 008 | 990908s1998 xnaa 000 0 eng d | ||
| 019 | 1 | |a 20712956 | |
| 020 | |a 1876017457 | ||
| 035 | |a (OCoLC)222613583 | ||
| 035 | |a (vdu).b18834735 | ||
| 040 | |a VDU |b eng |c VDU | ||
| 043 | |a u-at-ne | ||
| 082 | 0 | 4 | |a 709.0407 |2 21 |
| 245 | 0 | 0 | |a Writing the city / |c Lisa Anderson. |
| 260 | |a Woolloomoolloo, N.S.W. : |b Artspace Visual Arts Centre, |c 1998. | ||
| 300 | |a [22] p. : |b col. ill. ; |c 21 x 15 cm. | ||
| 520 | |a Writing the city is a three year public art project by Lisa Anderson based on writers' stories about Sydney. These artworks invite you to experience and imagine stories of the city through playful encounters with words on billboards, cranes, the internet and even written in the sky. | ||
| 500 | |a Exhibition dates 3-12 December 1998. | ||
| 500 | |a Contributing writers: James Bradley ; Neal Drinnan ; Ruby Langford Ginibi ; McKenzie Wark ; Beth Yahp ; Lisa Anderson. | ||
| 536 | |a Funded by the City of Sydney as part of the Streets Alive program. | ||
| 600 | 1 | 0 | |a Anderson, Lisa, |d 1958- |x Exhibitions. |
| 650 | 0 | |a Art in literature. | |
| 650 | 0 | |a Public art |z New South Wales |z Sydney |x Exhibitions. | |
| 700 | 1 | |a Yahp, Beth. | |
| 700 | 1 | |a Anderson, Lisa, |d 1958- | |
| 700 | 1 | |a Ginibi, Ruby Langford, |d 1934- | |
| 700 | 1 | |a Wark, McKenzie, |d 1961- | |
| 700 | 1 | |a Drinnan, Neal. | |
| 700 | 1 | |a Bradley, James, |d 1967- | |
| 710 | 2 | |a Artspace Visual Arts Centre. | |
| 999 | f | f | |i bed3284d-17ca-5f67-b4ca-c765323f77a1 |s 3d901a48-7378-5347-a59c-adc475f561c1 |